• 首页
  • 本馆介绍
  • 公告通知
  • 最新文献
  • 馆藏检索
  • 电子资源
  • 读者导购
  • 参考咨询
  • 我的图书馆
  • 登录
  • 详细信息显示
  • 放入我的书架
  • 预约/预借图书
  • 作者相关作品
  • 分类相关作品
  • 丛书相关作品
  • 出版社相关作品

书目信息

  • 表格格式
  • 工作单格式
  • 卡片格式
题名:
有机废水萃取处理技术
    
 
作者: 戴猷元 , 张瑾 编著
分册:  
出版信息: 北京   化学工业出版社  2006
页数: 225页
开本: 21cm
丛书名:
单 册:
中图分类: X703.1
科图分类:
主题词: 有机废水--废水处理--萃取--技术 , 有机废水 , 废水处理 , 萃取
电子资源:
ISBN: 7-5025-7998-2
000 01023nam0 2200301 450
001 003140407
005 20080303094015.43
010    @a7-5025-7998-2@dCNY20.00
035    @a003140407
100    @a20060425d2006 em y0chiy0110 ea
101 0  @achi
102    @aCN@b110000
105    @ay z 000yy
106    @ar
200 1  @a有机废水萃取处理技术@Ayou ji fei shui cui qu chu li ji shu@f戴猷元,张瑾编著
205    @a2版@b修订版
210    @a北京@c化学工业出版社@d2006
215    @a225页@d21cm
330    @a本书分有机废水的来源及特性、溶剂萃取基本原理、有机废水萃取处理流程设计、有机废水萃取处理常用设备等8章,系统阐述了有机废水萃取处理技术的原理、工艺、设备、应用及技术经济评价,同时介绍了有机废水萃取处理技术的新进展。
606 0  @a有机废水@x废水处理@x萃取@x技术
606 0  @a有机废水
606 0  @a废水处理
606 0  @a萃取
690    @aX703.1@v4
701  0 @a戴猷元@Adai you yuan@f(1945~)@4编著
701  0 @a张瑾@Azhang jin@c(化工)@4编著
801  0 @aCN@bNLC@c20080303
905    @dX703.1@e140=2@f4
    
    有机废水萃取处理技术/戴猷元,张瑾编著.-2版,修订版.-北京:化学工业出版社,2006
    225页;21cm
    
    
    ISBN 7-5025-7998-2:CNY20.00
    本书分有机废水的来源及特性、溶剂萃取基本原理、有机废水萃取处理流程设计、有机废水萃取处理常用设备等8章,系统阐述了有机废水萃取处理技术的原理、工艺、设备、应用及技术经济评价,同时介绍了有机废水萃取处理技术的新进展。
●
相关链接 在E读中查询图书 在五车中查询图书 在当当中查询图书 在豆瓣中查询图书


正题名:有机废水萃取处理技术     索取号:X703.1/140=2         预约/预借

序号 登录号 条形码 馆藏地/架位号 状态 备注
1 0614645   206146455   第二样本阅览室/ [索取号:X703.1/140=2] 在馆    
2 0614646   206146464   第三借阅区/ [索取号:X703.1/140=2] 在馆    
3 0614647   206146473   第三借阅区/ [索取号:X703.1/140=2] 在馆    
4 0614648   206146482   第三借阅区/ [索取号:X703.1/140=2] 在馆    
唐山师范学院图书馆 欢迎您!
大连网信软件有限公司© 版权所有